00258 a2200109 4500001000700000020000600007040001100013100002600024240004700050245004200097362000900139169886 a  cMagnum aLobo, Aldina Silveira10aAprendizagem assistida pela avaliacaolpor10aAprendizagem assistida pela avaliacao0 a1899